000 01601nam a2200253Ia 4500
999 _c41603
_d41603
001 8272
003 GE_BSU
005 20220530120353.0
008 181216s2007||||ge |||||||||||||| ||geo||
020 _a9789994059188
040 _cGE_BSU
041 _ageo
080 _a94(560) ს–45
100 _aსვანიძე, მიხეილ
_95829
245 _aთურქეთის ისტორია (1299-2000) = История Турции (1299-2000) = Turkiye Tarihi (1299-2000) /
_cმიხეილ სვანიძე ; [რედ. გიული ალასანია ; საქ. ეროვნ. მეცნ. აკად., აღმოსავლეთმც. ინ-ტი, თბილ. აზიისა და აფრიკის ინ-ტი].
264 _aთბილისი :
_bარტანუჯი,
_c2007.
300 _a58 გვ. :
_bფოტ. ;
_c25 სმ.
500 _aგარეკანზე: ალექსანდრე II კახეთის მეფის შეხვედრა ოსმალო სარდალ ლალა მუსტაფა ფაშასთან.
504 _aბიბლიოგრ.: გვ. 558-574.
653 _aთურქეთის ისტორია
700 _aალასანია, გიული
_eრედაქტორი
_913521
710 _a საქ. ეროვნ. მეცნ. აკად., აღმოსავლეთმც. ინ-ტი, თბილ. აზიისა და აფრიკის ინ-ტი
_913881
942 _cBK
_2udc